[Event "Titled Tuesday intern op 4th Aug 2pm"]
[Site "Chess.com INT"]
[Date "2020.08.04"]
[Round "2"]
[White "Tserendorj, Batsaikhan"]
[Black "Ivanisevic, Ivan"]
[Result "1-0"]
[WhiteElo "2011"]
[BlackElo "2604"]
[PlyCount "185"]
[EventDate "2020.08.04"]
[EventType "swiss (blitz)"]
[EventRounds "10"]
[EventCountry "USA"]
[SourceTitle "CBM 197 Extra"]
[Source "ChessBase"]
[SourceDate "2020.09.30"]
[SourceVersion "1"]
[SourceVersionDate "2020.09.30"]
[SourceQuality "1"]

1. e4 c5 2. Nf3 e6 3. d4 cxd4 4. Nxd4 Nc6 5. Nc3 Qc7 6. Nxc6 dxc6 7. Bd3 e5 8. 0-0 Nf6 9. Bg5 Be7 10. a4 0-0 11. Bc4 Ng4 12. Bxe7 Qxe7 13. h3 Nf6 14. Qe2 a5 15. Qe3 Qb4 16. Bb3 Nd7 17. Na2 Qc5 18. Rad1 Qxe3 19. fxe3 Nf6 20. Nc3 h6 21. Rd6 Re8 22. g4 Kf8 23. Kg2 Ke7 24. Rd3 Bd7 25. Kf3 Rad8 26. Ne2 Be6 27. Bxe6 Kxe6 28. Ng3 g6 29. Ke2 Rxd3 30. cxd3 Nd7 31. d4 f6 32. b3 Rd8 33. h4 Rg8 34. Kd3 Nb6 35. Rc1 Nd7 36. Rc4 Kd6 37. Ke2 c5 38. Rc3 cxd4 39. exd4 exd4 40. Rc4 d3+ 41. Ke3 Ne5 42. Rd4+ Ke6 43. h5 gxh5 44. Nf5 Rxg4 45. Rd6+ Kf7 46. Nxh6+ Ke7 47. Nf5+ Kf7 48. Nh6+ Ke7 49. Nf5+ Ke8 50. Rxf6 Rg6 51. Rxg6 Nxg6 52. Kxd3 h4 53. Ke3 h3 54. Kf3 Kf7 55. Kg3 Ke6 56. Kxh3 Ke5 57. Kg3 Nf4 58. Kf3 Nd3 59. Ke3 Nc5 60. Nd4 Nxe4 61. Ne2 Nc5 62. Kd2 Nxb3+ 63. Kc3 Nc5 64. Kc4 b6 65. Kb5 Nd7 66. Nc3 Kd6 67. Ne4+ Kc7 68. Nd2 Kb7 69. Nc4 Kc7 70. Ne5 Nc5 71. Nc4 Nd7 72. Ne3 Ne5 73. Nd5+ Kb7 74. Nxb6 Nc6 75. Nc4 Nd4+ 76. Kc5 Nb3+ 77. Kb5 Nd4+ 78. Kc5 Ka6 79. Kxd4 Ka7 80. Kc5 Kb7 81. Kb5 Ka7 82. Kxa5 Kb7 83. Kb5 Ka7 84. a5 Kb7 85. a6+ Ka7 86. Ka5 Ka8 87. Kb6 Kb8 88. Na5 Ka8 89. Nb7 Kb8 90. Nc5 Ka8 91. Ne6 Kb8 92. a7+ Ka8 93. Nc7# 1-0

[Event "Titled Tuesday intern op 21st July"]
[Site "Chess.com INT"]
[Date "2020.07.21"]
[Round "4"]
[White "Bocharov, Dmitry"]
[Black "Tserendorj, Batsaikhan"]
[Result "1-0"]
[WhiteElo "2524"]
[BlackElo "2011"]
[PlyCount "120"]
[EventDate "2020.07.21"]
[EventType "swiss (blitz)"]
[EventRounds "10"]
[EventCountry "USA"]
[SourceTitle "CBM 197 Extra"]
[Source "ChessBase"]
[SourceDate "2020.09.30"]
[SourceVersion "1"]
[SourceVersionDate "2020.09.30"]
[SourceQuality "1"]

1. e4 d5 2. exd5 Qxd5 3. Nc3 Qa5 4. d4 c6 5. Nf3 Nf6 6. Bd2 Bf5 7. Bc4 e6 8. Nd5 Qd8 9. Nxf6+ gxf6 10. Bb3 Nd7 11. Qe2 h5 12. Nh4 Bg4 13. f3 f5 14. g3 Bh3 15. 0-0-0 Be7 16. Bxe6 fxe6 17. Ng6 Rg8 18. Qxe6 Nf6 19. Nf4 Bg4 20. Rhe1 Bxf3 21. Qxf6 Bxd1 22. Kxd1 Qd7 23. Bb4 0-0-0 24. Rxe7 Qxd4+ 25. Qxd4 Rxd4+ 26. Bd2 h4 27. Ne6 hxg3 28. hxg3 Rd5 29. c4 Rd7 30. Rxd7 Kxd7 31. Nc5+ Kc8 32. Bf4 b6 33. Ne6 Re8 34. Ng7 Rf8 35. Ne6 Re8 36. Ng5 Kd7 37. Kd2 Rh8 38. Nf3 Rh1 39. Nd4 c5 40. Nxf5 Ra1 41. a3 Ke6 42. Ne3 Rh1 43. Bb8 a6 44. Ba7 Rh2+ 45. Kc3 b5 46. Bxc5 Rh3 47. cxb5 axb5 48. g4 Ke5 49. Kb4 Ke4 50. Kxb5 Rh2 51. b4 Ra2 52. a4 Rd2 53. a5 Rd5 54. a6 Ke5 55. a7 Rd8 56. Kc6 Rc8+ 57. Kb7 Rb8+ 58. axb8Q+ Ke4 59. Qe8+ Kd3 60. Qg6+ Ke2 1-0

[Event "Titled Tuesday intern op 21st July"]
[Site "Chess.com INT"]
[Date "2020.07.21"]
[Round "8"]
[White "Dimakiling, Oliver"]
[Black "Tserendorj, Batsaikhan"]
[Result "1-0"]
[WhiteElo "2409"]
[BlackElo "2011"]
[PlyCount "145"]
[EventDate "2020.07.21"]
[EventType "swiss (blitz)"]
[EventRounds "10"]
[EventCountry "USA"]
[SourceTitle "CBM 197 Extra"]
[Source "ChessBase"]
[SourceDate "2020.09.30"]
[SourceVersion "1"]
[SourceVersionDate "2020.09.30"]
[SourceQuality "1"]

1. e4 c6 2. Nc3 d5 3. Nf3 Nf6 4. e5 Ne4 5. d3 Nxc3 6. bxc3 Bg4 7. h3 Bh5 8. d4 e6 9. Bd3 Bg6 10. 0-0 Be7 11. a4 c5 12. Rb1 b6 13. g3 0-0 14. h4 Nc6 15. Be3 Na5 16. Kg2 Qd7 17. Rb5 Nc4 18. Bxc4 dxc4 19. dxc5 Qc6 20. cxb6 axb6 21. Rxb6 Qxa4 22. Nd4 Bc5 23. Rb2 Rfb8 24. Rxb8+ Rxb8 25. Qa1 Qd7 26. Rd1 Qb7+ 27. f3 h6 28. g4 Qb2 29. h5 Bxc2 30. Qxb2 Rxb2 31. Rd2 Bxd4 32. Bxd4 Ra2 33. Kg3 Bb3 34. Be3 Ra8 35. Rd7 Ba4 36. Rc7 Bb3 37. f4 Rd8 38. Bd4 Ba2 39. g5 Rb8 40. f5 hxg5 41. f6 Bb1 42. Kg4 g6 43. Kxg5 gxh5 44. Kxh5 Bg6+ 45. Kg5 Bd3 46. Bc5 Bg6 47. Kf4 Kh7 48. Ke3 Bh5 49. Bd6 Rb1 50. Rxc4 Kg6 51. Rc8 Kf5 52. Kd4 Rd1+ 53. Kc5 Rd5+ 54. Kb4 Rd1 55. c4 Rb1+ 56. Kc5 Bf3 57. Rc7 Bh5 58. Kd4 Rd1+ 59. Kc3 Ke4 60. c5 Rc1+ 61. Kb4 Kd5 62. Kb5 Rb1+ 63. Ka6 Ra1+ 64. Kb7 Rb1+ 65. Kc8 Bg6 66. Kd7 Rb8 67. Ke7 Rg8 68. c6 Ra8 69. Kd7 Rg8 70. Rb7 Bc2 71. c7 Ba4+ 72. Ke7 Kc6 73. Rb8 1-0

[Event "Titled Tuesday intern op 21st July"]
[Site "Chess.com INT"]
[Date "2020.07.21"]
[Round "5"]
[White "Ivanova, Karina"]
[Black "Tserendorj, Batsaikhan"]
[Result "0-1"]
[WhiteElo "2085"]
[BlackElo "2011"]
[PlyCount "48"]
[EventDate "2020.07.21"]
[EventType "swiss (blitz)"]
[EventRounds "10"]
[EventCountry "USA"]
[SourceTitle "CBM 197 Extra"]
[Source "ChessBase"]
[SourceDate "2020.09.30"]
[SourceVersion "1"]
[SourceVersionDate "2020.09.30"]
[SourceQuality "1"]

1. Nf3 Nf6 2. c4 g6 3. d4 Bg7 4. g3 d5 5. Bg2 0-0 6. 0-0 c5 7. cxd5 cxd4 8. Nc3 dxc3 9. bxc3 Qxd5 10. Qb3 Qxb3 11. axb3 Nc6 12. Bb2 Ne4 13. Rfc1 Bf5 14. Nh4 Nd2 15. Nxf5 gxf5 16. Ra3 Rfd8 17. b4 Nxb4 18. Bxb7 Rab8 19. Rxa7 Nd5 20. Kg2 Nc4 21. Ba1 Ndb6 22. Bf3 e6 23. Rb1 Nd2 24. Rb3 Nxb3 0-1

[Event "Titled Tuesday intern op 21st July"]
[Site "Chess.com INT"]
[Date "2020.07.21"]
[Round "10"]
[White "Musovic, Armin"]
[Black "Tserendorj, Batsaikhan"]
[Result "1-0"]
[WhiteElo "2207"]
[BlackElo "2011"]
[PlyCount "97"]
[EventDate "2020.07.21"]
[EventType "swiss (blitz)"]
[EventRounds "10"]
[EventCountry "USA"]
[SourceTitle "CBM 197 Extra"]
[Source "ChessBase"]
[SourceDate "2020.09.30"]
[SourceVersion "1"]
[SourceVersionDate "2020.09.30"]
[SourceQuality "1"]

1. a3 Nf6 2. Nc3 d5 3. d3 c5 4. Bg5 Nc6 5. e4 dxe4 6. dxe4 Qxd1+ 7. Rxd1 a6 8. Bxf6 exf6 9. Nd5 Rb8 10. Nc7+ Ke7 11. Nd5+ Ke8 12. Nc7+ Ke7 13. Nf3 g6 14. Bc4 Bg7 15. Nd5+ Ke8 16. Nb6 Be6 17. Bxe6 fxe6 18. Nd7 Rd8 19. Nxc5 Rxd1+ 20. Kxd1 Ke7 21. c3 b5 22. Nxa6 Rd8+ 23. Kc2 Bh6 24. Rd1 Ra8 25. Nc5 Ra7 26. Nb3 g5 27. Nfd4 Nxd4+ 28. Rxd4 Rb7 29. Rb4 g4 30. a4 Bf4 31. g3 Bd6 32. Rxb5 Rxb5 33. axb5 Bc7 34. c4 f5 35. Kd3 f4 36. c5 f3 37. b6 Be5 38. Nd4 Kd7 39. b4 h5 40. c6+ Kc8 41. Nc2 h4 42. Ne3 h3 43. Nxg4 Bd6 44. Kc4 Kb8 45. e5 Bf8 46. Nf6 Kc8 47. b7+ Kd8 48. b8Q+ Ke7 49. Qd6+ 1-0

[Event "Titled Tuesday intern op 21st July"]
[Site "Chess.com INT"]
[Date "2020.07.21"]
[Round "3"]
[White "Tserendorj, Batsaikhan"]
[Black "Pham, Le Thao Nguyen"]
[Result "0-1"]
[WhiteElo "2011"]
[BlackElo "2366"]
[PlyCount "110"]
[EventDate "2020.07.21"]
[EventType "swiss (blitz)"]
[EventRounds "10"]
[EventCountry "USA"]
[SourceTitle "CBM 197 Extra"]
[Source "ChessBase"]
[SourceDate "2020.09.30"]
[SourceVersion "1"]
[SourceVersionDate "2020.09.30"]
[SourceQuality "1"]

1. d4 d5 2. c4 c6 3. Nc3 Nf6 4. Nf3 dxc4 5. a4 Bf5 6. e3 e6 7. Bxc4 Bb4 8. 0-0 Nbd7 9. Qe2 Bg6 10. Rd1 0-0 11. Bb3 a5 12. Nh4 Bh5 13. Nf3 Qe7 14. e4 e5 15. Bg5 exd4 16. Rxd4 Ne5 17. Rad1 Bc5 18. R4d2 Nxf3+ 19. gxf3 Qe5 20. Bh4 Qf4 21. Bg3 Qxf3 22. Qxf3 Bxf3 23. Re1 Rfe8 24. e5 Nh5 25. Rd7 Re7 26. e6 fxe6 27. Rxe6 Rxe6 28. Bxe6+ Kh8 29. Rxb7 Nxg3 30. hxg3 Re8 31. Bc4 h5 32. Rf7 Re1+ 33. Bf1 Bg4 34. Kg2 Rc1 35. Be2 Bxe2 36. Nxe2 Rc2 37. Nf4 Rxf2+ 38. Kh3 Kg8 39. Rf5 Bd6 40. Rxh5 Bxf4 41. gxf4 Rxf4 42. Rxa5 Rb4 43. Ra8+ Kh7 44. Ra6 Rxb2 45. Rxc6 Rb3+ 46. Kg2 Ra3 47. Rc4 Kh6 48. Kf2 g5 49. Ke2 Kh5 50. Kf2 g4 51. Kg2 Kh4 52. Rc2 Rxa4 53. Kg1 Ra3 54. Rc1 Kh3 55. Ra1 Rxa1+ 0-1

[Event "Titled Tuesday intern op 14th July"]
[Site "Chess.com INT"]
[Date "2020.07.14"]
[Round "8"]
[White "Huda, Maryana"]
[Black "Tserendorj, Batsaikhan"]
[Result "0-1"]
[WhiteElo "2128"]
[BlackElo "2011"]
[PlyCount "116"]
[EventDate "2020.07.14"]
[EventType "swiss (blitz)"]
[EventRounds "10"]
[EventCountry "USA"]
[SourceTitle "CBM 197 Extra"]
[Source "ChessBase"]
[SourceDate "2020.09.30"]
[SourceVersion "1"]
[SourceVersionDate "2020.09.30"]
[SourceQuality "1"]

1. e4 c6 2. Nf3 d5 3. Nc3 dxe4 4. Nxe4 Nf6 5. Ng3 h5 6. h4 Bg4 7. Be2 Nbd7 8. d4 e6 9. Ng5 Bxe2 10. Qxe2 Qc7 11. Bd2 Nb6 12. 0-0-0 0-0-0 13. Ba5 Rd5 14. Bxb6 axb6 15. Kb1 Bd6 16. N3e4 Bf4 17. Nxf6 gxf6 18. Ne4 Qe7 19. Qf3 Rf5 20. Qb3 Bc7 21. Rhe1 Rg8 22. g3 Rb5 23. Qa4 Ra5 24. Qc4 b5 25. Qb3 Bb6 26. c4 f5 27. Ng5 Kc7 28. c5 Ba7 29. Qc3 b4 30. Qxb4 Rb5 31. Qc4 Rd8 32. Rd3 Ra5 33. a3 b5 34. cxb6+ Bxb6 35. Rc1 Rd6 36. Nf3 f6 37. Rb3 Qd7 38. Qb4 Rb5 39. Qa4 Rxb3 40. Qxb3 Rd5 41. Ka2 Kb7 42. Rc4 Rb5 43. Rb4 Rxb4 44. Qxb4 Qd5+ 45. Qb3 Qe4 46. Nd2 Qxd4 47. Nc4 Qxf2 48. Nxb6 Qxb6 49. Qxe6 Qc5 50. Qxf6 Qc4+ 51. Kb1 Qf1+ 52. Ka2 Qc4+ 53. Kb1 Qd3+ 54. Ka2 Qxg3 55. Qxf5 Qxh4 56. Qd7+ Kb6 57. Qc8 Qc4+ 58. Kb1 Qf1+ 0-1

[Event "Titled Tuesday intern op 14th July"]
[Site "Chess.com INT"]
[Date "2020.07.14"]
[Round "10"]
[White "Tserendorj, Batsaikhan"]
[Black "Pavlidou, Ekaterini"]
[Result "0-1"]
[WhiteElo "2011"]
[BlackElo "2170"]
[PlyCount "62"]
[EventDate "2020.07.14"]
[EventType "swiss (blitz)"]
[EventRounds "10"]
[EventCountry "USA"]
[SourceTitle "CBM 197 Extra"]
[Source "ChessBase"]
[SourceDate "2020.09.30"]
[SourceVersion "1"]
[SourceVersionDate "2020.09.30"]
[SourceQuality "1"]

1. d4 Nf6 2. c4 e6 3. Nc3 Bb4 4. f3 c5 5. d5 exd5 6. cxd5 0-0 7. e4 d6 8. Bd3 c4 9. Bc2 b5 10. Nge2 a6 11. 0-0 Bc5+ 12. Kh1 Nh5 13. Qe1 Qf6 14. Rb1 g5 15. b4 Bb6 16. Bb2 Qh6 17. a4 Nd7 18. a5 Ba7 19. Nd1 Ne5 20. Nf2 f5 21. Kg1 f4 22. Bd4 Bxd4 23. Nxd4 Ng3 24. h3 Bd7 25. Qc3 Qg6 26. Rfd1 h5 27. Ne6 Rf7 28. Nc5 Rh7 29. Nb7 g4 30. fxg4 hxg4 31. hxg4 Bxg4 0-1

[Event "Titled Tuesday intern op 30th June"]
[Site "Chess.com INT"]
[Date "2020.06.30"]
[Round "1"]
[White "Panarin, Mikhail"]
[Black "Tserendorj, Batsaikhan"]
[Result "1-0"]
[WhiteElo "2562"]
[BlackElo "2011"]
[PlyCount "81"]
[EventDate "2020.06.30"]
[EventType "swiss (blitz)"]
[EventRounds "10"]
[EventCountry "USA"]
[SourceTitle "CBM 197 Extra"]
[Source "ChessBase"]
[SourceDate "2020.09.30"]
[SourceVersion "1"]
[SourceVersionDate "2020.09.30"]
[SourceQuality "1"]

1. e4 c6 2. d4 d5 3. Nd2 dxe4 4. Nxe4 Bf5 5. Ng3 Bg6 6. h4 h6 7. Nf3 e6 8. h5 Bh7 9. Bd3 Bxd3 10. Qxd3 Nf6 11. Bd2 c5 12. Ne4 Nc6 13. Bc3 Nd5 14. dxc5 Nf4 15. Qxd8+ Rxd8 16. Bd2 Rd4 17. Nd6+ Bxd6 18. cxd6 Re4+ 19. Kf1 Nd5 20. b3 b5 21. c3 Kd7 22. a4 bxa4 23. c4 Nb6 24. c5 Nd5 25. Rxa4 Rxa4 26. bxa4 Rb8 27. Rh4 Rb1+ 28. Ke2 Rb2 29. Kd1 Rb1+ 30. Kc2 Rf1 31. Rg4 Rxf2 32. Rxg7 Ke8 33. Kd1 f6 34. Ke1 Rxd2 35. Kxd2 Nf4 36. g4 Kd8 37. Rh7 Nd4 38. Nxd4 Nd5 39. Nc6+ Ke8 40. d7+ Kf8 41. d8Q# 1-0

[Event "Titled Tuesday intern op 30th June"]
[Site "Chess.com INT"]
[Date "2020.06.30"]
[Round "7"]
[White "Pon, Matt"]
[Black "Tserendorj, Batsaikhan"]
[Result "0-1"]
[WhiteElo "2185"]
[BlackElo "2011"]
[PlyCount "50"]
[EventDate "2020.06.30"]
[EventType "swiss (blitz)"]
[EventRounds "10"]
[EventCountry "USA"]
[SourceTitle "CBM 197 Extra"]
[Source "ChessBase"]
[SourceDate "2020.09.30"]
[SourceVersion "1"]
[SourceVersionDate "2020.09.30"]
[SourceQuality "1"]

1. e4 c6 2. d3 d5 3. Nd2 Nf6 4. Ngf3 e6 5. g3 Be7 6. Bg2 0-0 7. 0-0 b5 8. e5 Nfd7 9. Re1 c5 10. h4 Nc6 11. Nf1 Ba6 12. N1h2 Qc7 13. Bf4 Rfc8 14. Ng5 h6 15. Nxf7 Kxf7 16. Bxd5 Nf8 17. Qh5+ Kg8 18. Be4 Nd4 19. Bxh6 Bb7 20. Bxg7 Kxg7 21. Bxb7 Qxb7 22. Re4 Nh7 23. Ng4 Kh8 24. Nh6 Rf8 25. Rg4 Qf3 0-1

[Event "Titled Tuesday intern op 30th June"]
[Site "Chess.com INT"]
[Date "2020.06.30"]
[Round "2"]
[White "Tserendorj, Batsaikhan"]
[Black "Ramirez M, Eugenia"]
[Result "1-0"]
[WhiteElo "2011"]
[BlackElo "2057"]
[PlyCount "57"]
[EventDate "2020.06.30"]
[EventType "swiss (blitz)"]
[EventRounds "10"]
[EventCountry "USA"]
[SourceTitle "CBM 197 Extra"]
[Source "ChessBase"]
[SourceDate "2020.09.30"]
[SourceVersion "1"]
[SourceVersionDate "2020.09.30"]
[SourceQuality "1"]

1. e4 e5 2. Nf3 Nc6 3. d4 exd4 4. Bc4 Nf6 5. e5 d5 6. Bb5 Ne4 7. Nxd4 Bd7 8. Bxc6 bxc6 9. 0-0 Bc5 10. f3 Ng5 11. f4 Ne6 12. Be3 Bxd4 13. Bxd4 Nxd4 14. Qxd4 0-0 15. c4 dxc4 16. Qxc4 Rb8 17. b3 Be6 18. Qc3 g6 19. Nd2 Bd5 20. Rad1 f6 21. Ne4 fxe5 22. fxe5 Rxf1+ 23. Kxf1 Qf8+ 24. Nf6+ Kg7 25. Kg1 Rd8 26. Rf1 Qe7 27. e6 Qxe6 28. Ng4+ Kg8 29. Nh6# 1-0

[Event "Titled Tuesday intern op 23rd June"]
[Site "Chess.com INT"]
[Date "2020.06.23"]
[Round "9"]
[White "Mehdi, Hasan Parag"]
[Black "Tserendorj, Batsaikhan"]
[Result "1-0"]
[WhiteElo "2180"]
[BlackElo "2011"]
[PlyCount "125"]
[EventDate "2020.06.23"]
[EventType "swiss (blitz)"]
[EventRounds "10"]
[EventCountry "USA"]
[SourceTitle "CBM 197 Extra"]
[Source "ChessBase"]
[SourceDate "2020.09.30"]
[SourceVersion "1"]
[SourceVersionDate "2020.09.30"]
[SourceQuality "1"]

1. e4 c6 2. Nc3 d5 3. Nf3 Bg4 4. h3 Bxf3 5. Qxf3 e6 6. d4 Nf6 7. e5 Nfd7 8. Be3 a6 9. 0-0-0 b5 10. Qg3 c5 11. dxc5 Nc6 12. f4 g6 13. h4 h5 14. Qf3 Bxc5 15. Bxc5 Nxc5 16. g4 hxg4 17. Qxg4 b4 18. Ne2 Qa5 19. Kb1 Ne4 20. Qf3 Rb8 21. Bg2 Nc3+ 22. Nxc3 bxc3 23. b3 Na7 24. f5 gxf5 25. Bf1 Nb5 26. Bxb5+ axb5 27. Rh3 b4 28. a4 bxa3 29. Ka2 Qb4 30. Rg1 Rc8 31. h5 Qd4 32. Qg3 Kd7 33. Qg7 Rcf8 34. h6 Qd2 35. Qg2 Rfg8 36. Qxd2 cxd2 37. Rd1 Rg6 38. h7 Rg7 39. Rxd2 Rhxh7 40. Rc3 Rh4 41. Kxa3 Re4 42. Rc5 Rxe5 43. Ra5 Ke7 44. b4 Kf6 45. b5 f4 46. b6 Rg3+ 47. Kb4 Rg1 48. Rb5 Rb1+ 49. Ka5 Ra1+ 50. Kb4 d4 51. Rxe5 Kxe5 52. Kc5 Rb1 53. Kc6 Ke4 54. b7 e5 55. Rh2 Ke3 56. Rh1 f3 57. Rxb1 f2 58. b8Q Ke2 59. Qxe5+ Kd2 60. Qxd4+ Kxc2 61. Rf1 f5 62. Rxf2+ Kb1 63. Qb2# 1-0

[Event "Titled Tuesday intern op 23rd June"]
[Site "Chess.com INT"]
[Date "2020.06.23"]
[Round "4"]
[White "Sava, Christiansen"]
[Black "Tserendorj, Batsaikhan"]
[Result "0-1"]
[WhiteElo "2004"]
[BlackElo "2011"]
[PlyCount "68"]
[EventDate "2020.06.23"]
[EventType "swiss (blitz)"]
[EventRounds "10"]
[EventCountry "USA"]
[SourceTitle "CBM 197 Extra"]
[Source "ChessBase"]
[SourceDate "2020.09.30"]
[SourceVersion "1"]
[SourceVersionDate "2020.09.30"]
[SourceQuality "1"]

1. d4 d5 2. c4 e6 3. Nc3 Nf6 4. Nf3 Be7 5. Bg5 h6 6. Bh4 Nbd7 7. e3 0-0 8. Rc1 b6 9. Bd3 Bb7 10. 0-0 c5 11. cxd5 Nxd5 12. Bxe7 Nxe7 13. Bb5 cxd4 14. Nxd4 a6 15. Be2 Ne5 16. f4 N5g6 17. Bf3 Qd7 18. Qb3 Bxf3 19. Nxf3 b5 20. Rfd1 Qb7 21. Na4 Rfd8 22. Nc5 Qb6 23. Nd7 Qa7 24. Nc5 Rxd1+ 25. Rxd1 Qxc5 26. Kh1 Nf5 27. e4 Ne3 28. Re1 Nc4 29. Qc3 Nxf4 30. b3 Qf2 31. Rg1 Ne3 32. Qc6 Rf8 33. Ne1 Ne2 34. e5 Qxg1# 0-1

[Event "Titled Tuesday intern op 23rd June"]
[Site "Chess.com INT"]
[Date "2020.06.23"]
[Round "3"]
[White "Tserendorj, Batsaikhan"]
[Black "Aditya, Mittal"]
[Result "0-1"]
[WhiteElo "2011"]
[BlackElo "2438"]
[PlyCount "64"]
[EventDate "2020.06.23"]
[EventType "swiss (blitz)"]
[EventRounds "10"]
[EventCountry "USA"]
[SourceTitle "CBM 197 Extra"]
[Source "ChessBase"]
[SourceDate "2020.09.30"]
[SourceVersion "1"]
[SourceVersionDate "2020.09.30"]
[SourceQuality "1"]

1. e4 c5 2. Nf3 d6 3. d4 cxd4 4. Nxd4 Nf6 5. Nc3 a6 6. Be2 e5 7. Nb3 Be7 8. Bg5 Be6 9. Bxf6 Bxf6 10. Qd3 0-0 11. 0-0-0 Qb6 12. Rhf1 Nc6 13. Qxd6 Rfd8 14. Qc5 Qxc5 15. Nxc5 Nd4 16. Nxe6 fxe6 17. Bg4 Kf7 18. Ne2 Nb5 19. c3 Nd6 20. Ng3 Rac8 21. Kb1 b5 22. Bh5+ g6 23. Be2 h5 24. f3 Bg5 25. Nh1 Ke7 26. Nf2 Be3 27. Nd3 Nc4 28. Kc2 Bg5 29. g3 Ne3+ 30. Kb3 Bf6 31. Nb4 Nxf1 32. Rxf1 Rd2 0-1

[Event "Titled Tuesday intern op 23rd June"]
[Site "Chess.com INT"]
[Date "2020.06.23"]
[Round "6"]
[White "Tserendorj, Batsaikhan"]
[Black "Mikhailovsky, Vladimir"]
[Result "1-0"]
[WhiteElo "2011"]
[BlackElo "2228"]
[PlyCount "67"]
[EventDate "2020.06.23"]
[EventType "swiss (blitz)"]
[EventRounds "10"]
[EventCountry "USA"]
[SourceTitle "CBM 197 Extra"]
[Source "ChessBase"]
[SourceDate "2020.09.30"]
[SourceVersion "1"]
[SourceVersionDate "2020.09.30"]
[SourceQuality "1"]

1. e4 e5 2. Nf3 d5 3. exd5 e4 4. Qe2 Nf6 5. Nc3 Be7 6. Nxe4 0-0 7. d3 Qxd5 8. g3 Nc6 9. Bg2 Bg4 10. Qe3 Nb4 11. Qe2 Nc6 12. c3 Rad8 13. 0-0 Qxd3 14. Nxf6+ Bxf6 15. Qxd3 Rxd3 16. Be3 Rfd8 17. h3 Bf5 18. g4 Be4 19. Rfe1 Na5 20. Nd4 Bxg2 21. Kxg2 Nc4 22. Rad1 Nxb2 23. Rb1 Na4 24. Rxb7 c5 25. Nf5 c4 26. Bd4 Bxd4 27. cxd4 g6 28. Nh6+ Kg7 29. g5 Rf8 30. Ree7 Rxd4 31. Rxf7+ Rxf7 32. Rxf7+ Kh8 33. Rf8+ Kg7 34. Rg8# 1-0

[Event "Titled Tuesday intern op 16th June"]
[Site "Chess.com INT"]
[Date "2020.06.16"]
[Round "5"]
[White "Macovei, Andrei"]
[Black "Tserendorj, Batsaikhan"]
[Result "1-0"]
[WhiteElo "2453"]
[BlackElo "2011"]
[PlyCount "75"]
[EventDate "2020.06.16"]
[EventType "swiss (blitz)"]
[EventRounds "10"]
[EventCountry "USA"]
[SourceTitle "EXT 2021"]
[Source "ChessBase"]
[SourceDate "2020.10.23"]
[SourceVersion "1"]
[SourceVersionDate "2020.10.23"]
[SourceQuality "1"]

1. e4 c6 2. d4 d5 3. e5 Bf5 4. Nf3 e6 5. Be2 Nd7 6. 0-0 h6 7. Nbd2 g5 8. Ne1 Ne7 9. f4 Qb6 10. c3 gxf4 11. Ndf3 Ng6 12. Bd3 Be4 13. Qe2 Bxf3 14. Nxf3 0-0-0 15. b4 Bg7 16. a4 a6 17. Kh1 h5 18. b5 axb5 19. axb5 c5 20. Ba3 Bf8 21. Ng5 c4 22. Bxg6 fxg6 23. Nf7 Bxa3 24. Rxa3 g5 25. Nxh8 Rxh8 26. Ra8+ Nb8 27. g3 fxg3 28. hxg3 Qxb5 29. Qf3 g4 30. Qf6 Qe8 31. Kg2 h4 32. gxh4 Kc7 33. Qg7+ Kc6 34. Rf7 Qc8 35. Re7 Rg8 36. Qf6 Re8 37. Rxb8 Qxb8 38. Qxe6+ 1-0

[Event "Titled Tuesday intern op 16th June"]
[Site "Chess.com INT"]
[Date "2020.06.16"]
[Round "1"]
[White "Stefanova, Antoaneta"]
[Black "Tserendorj, Batsaikhan"]
[Result "0-1"]
[WhiteElo "2462"]
[BlackElo "2011"]
[PlyCount "102"]
[EventDate "2020.06.16"]
[EventType "swiss (blitz)"]
[EventRounds "10"]
[EventCountry "USA"]
[SourceTitle "EXT 2021"]
[Source "ChessBase"]
[SourceDate "2020.10.23"]
[SourceVersion "1"]
[SourceVersionDate "2020.10.23"]
[SourceQuality "1"]

1. d4 Nf6 2. Bf4 e6 3. e3 c5 4. c3 b6 5. Nf3 Bb7 6. Nbd2 cxd4 7. exd4 d6 8. Bd3 Nbd7 9. 0-0 Be7 10. h3 0-0 11. Re1 a6 12. Nf1 b5 13. a4 Qb6 14. axb5 axb5 15. Rxa8 Rxa8 16. Ne3 b4 17. Nc4 Qc7 18. cxb4 Nd5 19. Bd2 Ba6 20. b3 Rb8 21. Ng5 N7f6 22. Qf3 h6 23. Ne4 Nxb4 24. Bb1 Bxc4 25. bxc4 Qxc4 26. Bxh6 Nc2 27. Rc1 Nxd4 28. Qg3 Ne2+ 29. Kh2 Nxg3 30. Nxf6+ Bxf6 31. Rxc4 Nf1+ 32. Kg1 Rxb1 33. Bc1 Nd2 34. Rc8+ Kh7 35. Kh2 Ne4 36. Be3 d5 37. f3 Nd6 38. Rc7 d4 39. Bf4 e5 40. Bd2 e4 41. Bf4 e3 42. Bxd6 e2 43. Bg3 e1Q 44. Bxe1 Be5+ 45. Bg3 Bxc7 46. Bxc7 d3 47. Bf4 Kg6 48. Kg3 Kf5 49. Be3 Re1 50. Bd2 Re2 51. Ba5 d2 0-1

[Event "World Amateur-ch U2300"]
[Site "Chalkidiki"]
[Date "2016.04.26"]
[Round "8"]
[White "Lam, Daniel King Wai"]
[Black "Tserendorj, Batsaikhan"]
[Result "1/2-1/2"]
[WhiteElo "2164"]
[BlackElo "2081"]
[PlyCount "136"]
[EventDate "2016.04.19"]
[EventType "swiss"]
[EventRounds "9"]
[EventCountry "GRE"]
[SourceTitle "CBM 172 Extra"]
[Source "ChessBase"]
[SourceDate "2016.06.21"]
[SourceVersion "1"]
[SourceVersionDate "2016.06.21"]
[SourceQuality "1"]

1. e4 e5 2. Nf3 Nc6 3. Bb5 a6 4. Ba4 Nf6 5. 0-0 Be7 6. Re1 b5 7. Bb3 d6 8. c3 0-0 9. h3 Na5 10. Bc2 Bb7 11. d4 Nc4 12. b3 Nb6 13. Nbd2 Nfd7 14. Nf1 c5 15. Ng3 g6 16. Bh6 Re8 17. d5 c4 18. b4 Bf8 19. Qd2 Bg7 20. Nh2 Nf6 21. Qe3 Bc8 22. Qg5 Bxh6 23. Qxh6 Kh8 24. Rf1 a5 25. a3 Bd7 26. Rae1 axb4 27. axb4 Ra3 28. Qd2 Ng8 29. Ra1 Qa8 30. Rxa3 Qxa3 31. f4 f6 32. fxe5 dxe5 33. Bd1 Nc8 34. Bg4 Nd6 35. Bxd7 Qa7+ 36. Qf2 Qxd7 37. Ng4 Qd8 38. Qe3 Kg7 39. Qc5 h5 40. Ne3 Ne7 41. h4 Nec8 42. Nc2 Qb6 43. Ra1 Re7 44. Ra5 Rc7 45. Qxb6 Nxb6 46. Na3 Na4 47. Nxb5 Nxb5 48. Rxb5 Nxc3 49. Rc5 Ra7 50. Rxc4 Ra1+ 51. Kf2 Ra2+ 52. Ke1 Nb5 53. Rc5 Nd4 54. Rc7+ Kf8 55. d6 Rxg2 56. Rc8+ Kf7 57. d7 Ne6 58. Nf5 Rb2 59. Re8 gxf5 60. exf5 Nd8 61. Rxd8 Ke7 62. Rf8 Kxd7 63. Rxf6 Rxb4 64. Re6 Re4+ 65. Kd2 Rxh4 66. Rxe5 Rf4 67. Ke3 Rf1 68. Ke2 Rf4 1/2-1/2